| 000 | 01030nam a22003137a 4500 | ||
|---|---|---|---|
| 001 | BR2016002992 | ||
| 003 | BR-BrBNA | ||
| 005 | 20230928104921.0 | ||
| 007 | ta | ||
| 008 | 230509b bl.||||| |||| 00| 0 por d | ||
| 040 |
_aBR-BrBNA _bpor _cBiblioteca Nacional de Agricultura |
||
| 041 | _a(Por) | ||
| 072 | _aE70; Q04 | ||
| 090 | _ E70 BR2016002992 | ||
| 100 | 1 | _aHawkes, C. | |
| 110 | 1 |
_aOrganização Pan-Americana da Saúde, Brasília, DF (Brasil) _97762 |
|
| 110 | 1 |
_aAgência Nacional de Vigilância Sanitária, Brasília, DF (Brasil) _994 |
|
| 245 | 1 |
_aRotulagem: informação nutricional e alegações de saúde. O cenário global das regulamentações _bTermo de Cooperação Nº 37 |
|
| 260 | 3 |
_aBrasília, DF (Brasil): _c2006. |
|
| 300 | _a118 p. | ||
| 500 | _aBibliography p. 97-118; Summary (Por); 25 tables | ||
| 650 | _aROTULAGEM | ||
| 650 | _aLEGISLAÇÃO | ||
| 650 | _aALIMENTO | ||
| 650 | _aNORMALIZAÇÃO | ||
| 650 | _aVALOR NUTRITIVO | ||
| 909 |
_a202309 _bLucia _c55 _dLucia Elande |
||
| 942 | _cBK | ||
| 999 |
_c82427 _d82427 |
||